| 000 | 00393nam a2200145Ia 4500 | ||
|---|---|---|---|
| 008 | 230917s9999||||xx |||||||||||||| ||und|| | ||
| 040 |
_e28878 _aMAIN |
||
| 041 | _aEnglish | ||
| 082 | _a005.265 G747I | ||
| 100 | _aGovindarajalu, B | ||
| 245 | 0 | _aIBM PC and clones hardware, troubleshooting and maintenance | |
| 260 |
_aNew Delhi _bTata McGraw-Hill _c1997 |
||
| 300 | _ax,732 p. | ||
| 942 | _cBK | ||
| 999 |
_c92186 _d92186 |
||